000 00735cam a2200253 a 4500
008
020 _a0072994835 (pbk.)
049 _aMAIN
090 _aGN60
_bSTE
100 1 _aStein, Philip L.
245 1 0 _aPhysical anthropology /
_cPhilip L. Stein [and] Bruce M. Rowe.
250 _a9th ed.
260 _aBoston :
_bMcGraw-Hill,
_cc2006.
300 _axxvii, 507 p. :
_bill. (some col.) ;
_c29 cm.
500 _aIncludes index.
504 _aIncludes bibliographical references.
650 0 _aPhysical anthropology.
700 1 _aRowe, Bruce M.
907 _a.b10294089
_b14-05-12
_c01-04-11
003
005 20230123125253.0
040 _cNUST
942 _cBOOKS
_kGN60
_mSTE
999 _c138648
_d138648